000 00918cam a22002897a 4500
003 CHAP
005 20220329141606.0
008 971013s1958 r 00010 d
010 _a70654
011 _a71626
035 _a81180
040 _cCHAP
082 _a338.9
_bA43
100 0 0 _aAgarwala, A. N.
_91067
245 1 4 _aThe economics of underdevelopment
_b: a series of articles and papers selected
260 _a(Bombay) :
_bOxford University Press,
_c1958
300 _a510 p.
590 _aBATCH-UPD
_b10
_c20130110
_lUCH01
_h0535
590 _aBATCH-UPD
_b10
_c20130410
_lUCH01
_h0215
590 _aBATCH-UPD
_b10
_c20130914
_lUCH01
_h1857
590 _aCONVERSION
_b10
_c20130109
_lUCH01
_h1339
650 1 4 _aPaíses subdesarrollados
_xCondiciones económicas.
_985152
700 0 _aSingh, S. P.
_9106640
901 _aBK
942 _cLIBRO
949 _a338.9 A43
_bBC
_cLIBRO
_d-34384
_eLIBRO
_h6246
_i81180
_mD
_si
999 _c70654
_d70654